[Event "16th ECC w"]
[Site "Rogaska Slatina SLO"]
[Date "2011.09.25"]
[Round "1.1"]
[White "Muzychuk,A"]
[Black "Zhukova,N"]
[Result "1-0"]
[WhiteElo "2545"]
[BlackElo "2416"]
[EventDate "2011.09.25"]

1. e4 e5 2. Nf3 Nc6 3. Bb5 Nf6 4. d4 exd4 5. O-O Be7 6. e5 Ne4 7. Nxd4 Nxd4 8.
Qxd4 Nc5 9. Nc3 Ne6 10. Qg4 h5 11. Qe2 c6 12. Bc4 d5 13. exd6 Qxd6 14. Ne4 Qc7
15. Ng5 Nxg5 16. Bxg5 Be6 17. Bxe7 Qxe7 18. Rfe1 Rh6 19. Qe5 Kf8 20. Re4 Qf6 21.
Qc5+ Kg8 22. Bxe6 fxe6 23. c3 Rd8 24. Qxa7 Rd2 25. Rb4 Rg6 26. Qe3 Rd7 27. Re1
Qf5 28. Re4 Rf7 29. g3 Rff6 30. Kg2 Qd5 31. c4 Qf5 32. b3 b5 33. Re5 Qc2 34. Re2
Qd1 35. Rd2 Qg4 36. Rd4 1-0

[Event "16th ECC w"]
[Site "Rogaska Slatina SLO"]
[Date "2011.09.25"]
[Round "1.1"]
[White "Socko,M"]
[Black "Zaiatz,E"]
[Result "0-1"]
[WhiteElo "2490"]
[BlackElo "2441"]
[EventDate "2011.09.25"]

1. e4 e5 2. Nf3 Nc6 3. d4 exd4 4. Nxd4 Nf6 5. Nc3 Bb4 6. Nxc6 bxc6 7. Bd3 d5 8.
exd5 cxd5 9. O-O O-O 10. Bg5 c6 11. Qf3 Rb8 12. Rab1 Bd6 13. h3 Re8 14. Ne2 Be5
15. c3 Qd6 16. Ng3 h6 17. Be3 c5 18. Nf5 Qc7 19. Qd1 Bh2+ 20. Kh1 Bf4 21. Qf3
Be5 22. Qd1 Bf4 23. Qf3 Bxe3 24. Nxe3 Bb7 25. Ng4 Ne4 26. Bxe4 Rxe4 27. Ne3 Rbe8
28. Nf5 Qe5 29. Ng3 Rf4 30. Qd3 Rf6 31. Rbe1 Qb8 32. Qb5 Rc8 33. Re7 Ba6 34.
Qxb8 Rxb8 35. Rfe1 Rxb2 36. Rxa7 Rbxf2 37. a4 Bc4 38. Re8+ Kh7 39. Raa8 Kg6 40.
a5 Ra2 41. h4 Rf4 42. h5+ Kg5 43. Re5+ Kg4 44. Rg8 Kxg3 45. Rxg7+ Kf2 46. g3 Rf6
47. a6 Raxa6 48. Kh2 Ra2 49. Kh3 Kf3 50. Re1 Rf2 51. Rh1 Bf1+ 52. Kh4 Kg2 0-1

[Event "16th ECC w"]
[Site "Rogaska Slatina SLO"]
[Date "2011.09.25"]
[Round "1.1"]
[White "Vasilevich,I"]
[Black "Skripchenko,A"]
[Result "1/2-1/2"]
[WhiteElo "2393"]
[BlackElo "2470"]
[EventDate "2011.09.25"]

1. c4 e5 2. Nc3 Nc6 3. g3 g6 4. Bg2 Bg7 5. Rb1 a5 6. a3 Nf6 7. b4 axb4 8. axb4
O-O 9. d3 Ne7 10. e4 c6 11. Qb3 d5 12. cxd5 cxd5 13. exd5 Nf5 14. Nge2 Nd4 15.
Nxd4 exd4 16. Ne4 Nxd5 17. Bg5 Ne7 18. O-O Be6 19. Qd1 f6 20. Bd2 b6 21. Re1 Bf7
22. Rc1 Ra7 23. b5 Nd5 24. Rc6 h6 25. Nd6 Kh7 26. Qb3 Nc3 27. Nxf7 Raxf7 28.
Ree6 Ra7 29. Bxc3 dxc3 30. Bd5 Re8 31. Rxe8 Qxe8 32. Qxc3 f5 33. d4 Rd7 34. Qc4
h5 35. Kg2 h4 36. Rxb6 Qd8 37. Be6 Rxd4 38. Qc6 Rd2 39. Bf7 Rxf2+ 40. Kh3 Bf6
41. Qxf6 Qxf6 42. Rxf6 Kg7 43. Rxg6+ Kxf7 44. Rc6 hxg3 45. Kxg3 Rb2 46. b6 Ke7
47. Rh6 Kd7 48. h4 Rb1 49. Rf6 Ke7 50. Rh6 Kd7 51. h5 Rg1+ 52. Kf2 Rh1 53. b7
Kc7 54. Rh7+ Kb8 55. h6 f4 56. Kg2 Rh4 57. Kf3 Ka7 58. Ke4 Kb8 59. Kf5 f3 60.
Kg5 Rh2 61. Rf7 f2 62. Kg6 Rg2+ 63. Kh7 Rh2 64. Kg7 Rg2+ 65. Kh8 Rh2 66. h7 Rg2 1/2-1/2

[Event "16th ECC w"]
[Site "Rogaska Slatina SLO"]
[Date "2011.09.25"]
[Round "1.2"]
[White "Muzychuk,M"]
[Black "Drljevic,L"]
[Result "1-0"]
[WhiteElo "2456"]
[BlackElo "2256"]
[EventDate "2011.09.25"]

1. e4 d6 2. d4 Nf6 3. Nc3 g6 4. Bg5 c6 5. Qd2 b5 6. Bd3 Bg7 7. Bh6 Bxh6 8. Qxh6
Qb6 9. Nf3 Nbd7 10. O-O e5 11. dxe5 dxe5 12. Nxe5 Nxe5 13. Qg7 Ke7 14. Qxh8 Qc5
15. Kh1 Nfg4 16. f4 Nxd3 17. cxd3 Qh5 18. h3 Ne3 19. Qd4 Nxf1 20. Rxf1 Bxh3 21.
Kg1 Rd8 22. Qxa7+ Bd7 23. e5 Kf8 24. Qc5+ Kg8 25. Qe7 1-0

[Event "16th ECC w"]
[Site "Rogaska Slatina SLO"]
[Date "2011.09.25"]
[Round "1.4"]
[White "Kaya,E"]
[Black "Javakhishvili,L"]
[Result "1/2-1/2"]
[WhiteElo "1994"]
[BlackElo "2464"]
[EventDate "2011.09.25"]

1. e4 c5 2. Nf3 b6 3. d4 cxd4 4. Nxd4 Bb7 5. f3 a6 6. c4 e6 7. Nc3 Qc7 8. Be3
Nf6 9. Rc1 Bd6 10. g3 h5 11. a3 Be7 12. Be2 h4 13. g4 d6 14. g5 Nh5 15. g6 Bf6
16. gxf7+ Qxf7 17. f4 Nxf4 18. Bxf4 Bxd4 19. Rf1 Nc6 20. Bxd6 Qg6 21. Bc7 Rc8
22. Nb5 axb5 23. cxb5 e5 24. bxc6 Bxc6 25. b4 Rxc7 26. b5 Rf8 27. bxc6 Qxe4 28.
Rxf8+ Kxf8 29. Qd3 Qxd3 30. Bxd3 Bc5 31. Be4 Bxa3 32. Ra1 Bb4+ 33. Ke2 Ke7 34.
Rg1 Ke6 35. Kd3 Bc5 36. Rg4 Bf2 37. Rg2 Bc5 38. Rg4 h3 39. Rg3 Ra7 40. Rg6+ Kf7
41. Kc4 Be7 42. Rg3 Bd6 43. Rd3 Ra4+ 44. Kb5 Rb4+ 45. Ka6 Ke7 46. Bf5 e4 47. Re3
Bxh2 48. Rxh3 Bf4 49. Kb7 Kf6 50. Bg4 Kg5 51. Be2 Rb2 52. Bd1 Rd2 53. Rh5+ Kf6
54. Rh1 b5 55. Rf1 g5 56. Kb6 Rd8 57. Kxb5 Rb8+ 58. Kc4 Ke5 59. Bg4 Kd6 60. Re1
e3 61. Bf3 Rb2 62. Rd1+ Ke6 63. Kd3 Rf2 64. Ke4 Rc2 65. Kd3 Rc5 66. Kd4 Ra5 67.
Rb1 Ra4+ 68. Kd3 Ra3+ 69. Ke2 Ra2+ 70. Kd3 Rf2 71. Ke4 Kd6 72. Rc1 Kc7 73. Bg4
Rh2 74. Bf3 Bg3 75. Rg1 e2 76. Bxe2 Rxe2+ 77. Kf3 Bh2 78. Rxg5 Re6 79. Rg2 Bd6
80. Rc2 Kb6 81. Rc3 Bc5 82. c7 Rc6 83. Ke4 Rxc7 84. Kd5 Rd7+ 85. Ke4 Rd4+ 86.
Ke5 Kc6 87. Rh3 Rd1 88. Rh6+ Bd6+ 89. Ke4 Re1+ 90. Kd4 Ra1 91. Rg6 Ra4+ 92. Kd3
Kd5 93. Rg5+ Be5 94. Rg8 Ra3+ 95. Kc2 Bd4 96. Rd8+ Kc4 97. Rc8+ Bc5 98. Rb8 Rc3+
99. Kd2 Rf3 100. Re8 Rf6 101. Re4+ Bd4 102. Re8 Rf2+ 103. Re2 Rf8 104. Re7 Ra8
105. Rc7+ Bc5 106. Ke2 Rf8 107. Ke1 Kd4 108. Ke2 Kc4 109. Ke1 Kd5 110. Ke2 Rf2+
111. Kd3 Rf3+ 112. Ke2 Re3+ 113. Kd2 Rh3 114. Rc8 Bb4+ 115. Ke2 Rh2+ 116. Kd3
Bd6 117. Re8 Ra2 118. Rc8 Be7 119. Ke3 Ra3+ 120. Kf4 Bd6+ 121. Kg4 Rg3+ 122. Kf5
Rf3+ 123. Kg4 Rf4+ 124. Kg5 Rf1 125. Kg4 Be5 126. Rc2 Bd4 127. Re2 Bc3 128. Re8
Be5 129. Ra8 Ke4 130. Ra4+ Bd4 131. Ra3 Rb1 132. Ra8 Rg1+ 133. Kh3 Be3 134. Re8+
Kf3 1/2-1/2

[Event "16th ECC w"]
[Site "Rogaska Slatina SLO"]
[Date "2011.09.25"]
[Round "1.5"]
[White "Gunina,V"]
[Black "Dimitrijevic,A"]
[Result "1-0"]
[WhiteElo "2499"]
[BlackElo "2287"]
[EventDate "2011.09.25"]

1. d4 Nf6 2. Nf3 g6 3. Nbd2 Bg7 4. e4 d6 5. Bd3 O-O 6. O-O c5 7. c3 cxd4 8. cxd4
Nc6 9. Re1 Bg4 10. h3 Bxf3 11. Nxf3 Qb6 12. Be3 Qxb2 13. a3 d5 14. e5 Ne4 15.
Re2 Qc3 16. Bxe4 dxe4 17. Ng5 Rfd8 18. Nxe4 Qc4 19. Rc1 Qd5 20. Nc3 Qa5 21. f4
Rac8 22. Rec2 Qxa3 23. Ra2 Qb4 24. Ra4 Qb2 25. Ne2 Qb6 26. Rb1 Qc7 27. d5 Qd7
28. Rb5 a6 29. Rc5 b5 30. Ra2 Nb4 31. Rd2 Rxc5 32. Bxc5 a5 33. Kh2 Qb7 34. Bxb4
axb4 35. Qb3 Bf8 36. Rd4 Qa8 37. Qd3 Qa2 38. Qxb5 b3 39. Nc1 Qa7 40. Nxb3 Rb8
41. Qa5 Qd7 42. e6 Qd6 43. Nc5 Bg7 44. exf7+ Kxf7 45. Re4 g5 46. Nd3 gxf4 47.
Re6 Qd7 48. Nxf4 Rb5 49. Qa2 Rb2 50. Qc4 Kf8 51. Qe4 Rd2 52. Qxh7 Rxd5 53. Ng6+
Kf7 54. Rxe7+ 1-0

[Event "16th ECC w"]
[Site "Rogaska Slatina SLO"]
[Date "2011.09.25"]
[Round "1.5"]
[White "Srebrnic,A"]
[Black "Romanko,M"]
[Result "1/2-1/2"]
[WhiteElo "2222"]
[BlackElo "2409"]
[EventDate "2011.09.25"]

1. d4 d5 2. Nf3 Nf6 3. c4 c6 4. Nc3 e6 5. Bg5 Nbd7 6. cxd5 exd5 7. e3 Be7 8. Qc2
Nh5 9. Bxe7 Qxe7 10. Be2 g6 11. O-O Ndf6 12. Ne5 Ng7 13. a3 Bf5 14. Qd2 O-O 15.
f3 Rad8 16. Rae1 Nfe8 17. g4 Bc8 18. Bd1 Nd6 19. b3 f6 20. Nd3 Nf7 21. a4 f5 22.
h3 fxg4 23. hxg4 Ne6 24. f4 Ng7 25. b4 Ne8 26. Bf3 Nf6 27. Qg2 Rfe8 28. b5 Qa3
29. Qd2 Qe7 30. g5 Ne4 31. Bxe4 dxe4 32. Nf2 Nxg5 33. fxg5 Qxg5+ 34. Kh2 Qh4+
35. Kg2 Qg5+ 36. Kh2 Qh5+ 37. Kg1 Qg5+ 38. Kh2 1/2-1/2

[Event "16th ECC w"]
[Site "Rogaska Slatina SLO"]
[Date "2011.09.25"]
[Round "1.5"]
[White "Girya,O"]
[Black "Ankerst,Mil"]
[Result "1-0"]
[WhiteElo "2390"]
[BlackElo "2084"]
[EventDate "2011.09.25"]

1. d4 Nf6 2. c4 e6 3. Nf3 d5 4. Nc3 Be7 5. Bg5 c6 6. e3 Nbd7 7. Qc2 b6 8. cxd5
cxd5 9. Bd3 Bb7 10. O-O O-O 11. Ne5 h6 12. Bxf6 Bxf6 13. f4 g6 14. Bxg6 Bg7 15.
Bh7+ Kh8 16. Bd3 a6 17. Qe2 Kg8 18. Rf3 Nxe5 19. fxe5 f5 20. Qf1 Rf7 21. Ne2 Ra7
22. Nf4 Bc8 23. Rg3 b5 24. Rg6 Rae7 25. g4 Kh8 26. gxf5 exf5 27. Rd6 Rd7 28.
Rxd7 Qg5+ 29. Qg2 Rxd7 30. Qxg5 hxg5 31. Ng6+ Kh7 32. Bxf5 Rc7 33. e6 Kh6 34. e7
Bxf5 35. e8=Q Bxg6 36. Qd8 Rc2 37. Qxd5 g4 38. Qe6 Kh5 39. Rf1 1-0

[Event "16th ECC w"]
[Site "Rogaska Slatina SLO"]
[Date "2011.09.25"]
[Round "1.5"]
[White "Orehek,S"]
[Black "Kashlinskaya,A"]
[Result "0-1"]
[WhiteElo "2020"]
[BlackElo "2385"]
[EventDate "2011.09.25"]

1. e4 e5 2. Nf3 Nc6 3. Bc4 Nf6 4. d3 Be7 5. O-O O-O 6. Bb3 d5 7. exd5 Nxd5 8. h3
a5 9. a4 Nd4 10. c3 Nxb3 11. Qxb3 Be6 12. Qc2 Nf4 13. Bxf4 exf4 14. Nbd2 Bf5 15.
Ne4 Ra6 16. Nd4 Bc8 17. Qe2 Rg6 18. Kh1 c5 19. Nb5 Bd7 20. Rad1 Re8 21. d4 Qc8
22. Qf3 cxd4 23. Rxd4 Bc6 24. Na7 Qb8 25. Nxc6 bxc6 26. b4 axb4 27. cxb4 Qa7 28.
Nc5 Bxc5 29. bxc5 Qxc5 30. Rxf4 Rd6 31. Rxf7 Qc4 32. Rxg7+ Kxg7 33. Rb1 Rde6 34.
Qg3+ Rg6 35. Qc7+ Kh8 36. a5 Rxg2 0-1

[Event "16th ECC w"]
[Site "Rogaska Slatina SLO"]
[Date "2011.09.26"]
[Round "2.1"]
[White "Gunina,V"]
[Black "Cmilyte,V"]
[Result "1-0"]
[WhiteElo "2499"]
[BlackElo "2525"]
[EventDate "2011.09.25"]

1. d4 e6 2. Nf3 f5 3. g3 Nf6 4. Bg2 d5 5. O-O Bd6 6. c4 c6 7. b3 Qe7 8. Ne5 Nbd7
9. Bb2 O-O 10. Nd2 a5 11. Qc2 a4 12. Rab1 axb3 13. axb3 Ne4 14. Ndf3 Nxe5 15.
Nxe5 Bxe5 16. dxe5 Bd7 17. Rfd1 Ra2 18. Ra1 Rfa8 19. Rxa2 Rxa2 20. Qb1 Ra8 21.
f3 Ng5 22. Bd4 Qb4 23. Qc2 Nf7 24. f4 Ra3 25. cxd5 exd5 26. e4 fxe4 27. Bxe4
dxe4 28. Bc5 Qa5 29. Bxa3 Bg4 30. e6 Bxd1 31. Qxd1 Qxa3 32. Qd7 Qc5+ 33. Kg2 h5
34. Qxf7+ Kh7 35. e7 Qc2+ 36. Kh3 Qe2 37. Qf5+ g6 38. Qd7 1-0

[Event "16th ECC w"]
[Site "Rogaska Slatina SLO"]
[Date "2011.09.26"]
[Round "2.1"]
[White "Pogonina,N"]
[Black "Girya,O"]
[Result "1/2-1/2"]
[WhiteElo "2446"]
[BlackElo "2390"]
[EventDate "2011.09.25"]

1. e4 c6 2. d4 d5 3. f3 e6 4. Nc3 Bb4 5. a3 Ba5 6. Bd2 Ne7 7. Bd3 Nd7 8. Nge2 e5
9. exd5 cxd5 10. O-O O-O 11. Kh1 Bb6 12. Bg5 f6 13. Bh4 exd4 14. Nb5 Nc6 15. Bf2
Nc5 16. Nbxd4 Ne5 17. Bf5 Re8 18. b3 Bxf5 19. Nxf5 Qd7 20. Nfd4 Rac8 21. Qd2 Ne6
22. Rad1 Nxd4 23. Bxd4 Bxd4 24. Nxd4 Nc6 25. Rf2 Re5 26. h3 Rce8 27. f4 Re4 28.
Ne2 Qe6 29. Ng1 d4 30. b4 Ne7 31. Re2 Nf5 32. Rxe4 Qxe4 33. Nf3 Ne3 34. Re1 Qxf4
35. Nxd4 Qe4 36. Nb5 Qe7 37. Nd6 Rd8 38. Rxe3 Rxd6 39. Rxe7 Rxd2 40. Rxb7 Rxc2
41. b5 h5 42. Rxa7 Rb2 43. a4 Rb1+ 44. Kh2 h4 45. Ra6 Kf7 46. b6 g5 47. g4 hxg3+
48. Kxg3 f5 49. a5 Rb3+ 50. Kg2 Rb2+ 51. Kf3 Rb3+ 52. Ke2 Rb2+ 53. Kd3 g4 54.
hxg4 fxg4 55. Ra7+ Kf6 56. Ra8 Kf7 57. Kc4 g3 58. Rd8 g2 59. Rd1 Ke6 60. Kc5 Rd2
61. Re1+ Kd7 62. Kb5 Re2 63. Rd1+ Kc8 64. Ka6 Re7 65. Rg1 Rg7 66. b7+ Kb8 67.
Kb6 Rg6+ 68. Kc5 Kxb7 69. Kd4 1/2-1/2

[Event "16th ECC w"]
[Site "Rogaska Slatina SLO"]
[Date "2011.09.26"]
[Round "2.1"]
[White "Kashlinskaya,A"]
[Black "Muzychuk,M"]
[Result "1/2-1/2"]
[WhiteElo "2385"]
[BlackElo "2456"]
[EventDate "2011.09.25"]

1. d4 Nf6 2. c4 e6 3. Nc3 Bb4 4. Qc2 O-O 5. a3 Bxc3+ 6. Qxc3 d5 7. e3 dxc4 8.
Bxc4 b6 9. Ne2 Bb7 10. O-O Nbd7 11. f3 c5 12. e4 Rc8 13. b3 Qc7 14. Bb2 cxd4 15.
Qxd4 Rfd8 16. Rac1 Nc5 17. Qe3 Qe7 18. b4 Ncd7 19. Rfd1 h6 20. Bb3 Rxc1 21. Rxc1
Rc8 22. Rxc8+ Bxc8 23. Qc3 Ba6 24. Nf4 Ne8 25. Qc6 Nb8 26. Qc3 Qg5 27. Qe5 Qxe5
28. Bxe5 Nc6 29. Bc3 Nd6 30. a4 Bc4 31. Bd1 a6 32. Kf2 f6 33. h4 Kf7 34. g4 g5
35. Ng2 Bd3 36. Bb3 Bxe4 37. hxg5 hxg5 38. Ne3 Bd3 39. Nd5 Bc4 40. Bxc4 Nxc4 41.
Nxf6 Nxb4 42. Ne4 Nd3+ 43. Kg3 Kg6 44. Bf6 Nd2 45. Bd4 Nxe4+ 46. fxe4 b5 47.
axb5 axb5 48. Kf3 e5 49. Bb6 b4 50. Ke2 Nb2 51. Bc7 b3 52. Kd2 Nc4+ 53. Kc3 b2
54. Kc2 Kf7 55. Bd8 Nd2 56. Kxb2 Nxe4 57. Kc2 Nf6 58. Kd3 Kg6 59. Bxf6 Kxf6 60.
Kc4 Ke6 61. Kc5 Ke7 62. Kd5 Kf6 63. Kc4 e4 64. Kd4 e3 65. Kxe3 Ke5 66. Kf3 Kd4
67. Kf2 Ke4 68. Ke2 Kf4 69. Kf2 1/2-1/2

[Event "16th ECC w"]
[Site "Rogaska Slatina SLO"]
[Date "2011.09.26"]
[Round "2.2"]
[White "Harika,D"]
[Black "Frank Nielsen,M"]
[Result "1-0"]
[WhiteElo "2505"]
[BlackElo "2020"]
[EventDate "2011.09.25"]

1. Nf3 Nf6 2. d4 g6 3. Nbd2 d5 4. e3 Bg7 5. b4 O-O 6. c4 c6 7. Bb2 Bf5 8. Be2
Na6 9. a3 Nc7 10. Nb3 Ne4 11. O-O Ne8 12. Na5 Rb8 13. Ne5 Bd7 14. Bd3 f6 15.
Nxd7 Qxd7 16. f3 N4d6 17. c5 Nf5 18. Qe2 b6 19. Nb3 Nc7 20. e4 Nh6 21. Rfe1 e5
22. Rad1 Rbe8 23. b5 Nxb5 24. Bxb5 cxb5 25. dxe5 fxe5 26. Rxd5 Qc6 27. Rd6 Qc7
28. Qxb5 bxc5 29. Qxc5 Qxc5+ 30. Nxc5 Rb8 31. Ba1 Nf7 32. Rd7 Rfc8 33. Rd5 a5
34. Nd7 Rb3 35. Rxa5 Bh6 36. Rd5 Be3+ 37. Kh1 Rxa3 38. Bxe5 Nxe5 39. Nxe5 Rac3
40. Ng4 Bb6 41. Rd7 h5 42. Nf6+ Kf8 43. Red1 Rc1 44. g3 R1c2 45. e5 Re2 46. Nh7+
Kg8 47. Nf6+ Kf8 48. R7d2 Rxd2 49. Rxd2 Be3 50. Re2 Bd4 51. f4 Ke7 52. Kg2 Ke6
53. Ne4 Rc1 54. Ng5+ Kd5 1-0

[Event "16th ECC w"]
[Site "Rogaska Slatina SLO"]
[Date "2011.09.26"]
[Round "2.2"]
[White "Mkrtchian,L"]
[Black "Reppen,E"]
[Result "1-0"]
[WhiteElo "2475"]
[BlackElo "1969"]
[EventDate "2011.09.25"]

1. d4 Nf6 2. c4 c5 3. Nf3 g6 4. Nc3 cxd4 5. Nxd4 Bg7 6. e4 d6 7. Be2 O-O 8. Be3
Nc6 9. Qd2 Re8 10. f3 Bd7 11. O-O Nxd4 12. Bxd4 Bc6 13. Kh1 b6 14. Rab1 Rc8 15.
Rfc1 h5 16. Bf1 Kh7 17. Be3 Qd7 18. b3 Red8 19. a4 Ng8 20. Bd3 Nh6 21. Bg5 f6
22. Be3 f5 23. Bg5 fxe4 24. Nxe4 Rf8 25. Re1 Nf5 26. Rbd1 Nd4 27. Bxe7 Rfe8 28.
Bh4 Nf5 29. Nf6+ Bxf6 30. Bxf6 Qf7 31. Bb2 Nh4 32. Qg5 Bxf3 33. Qxh4 Bxd1 34.
Rxd1 Kg8 35. Qd4 Re5 36. Qxd6 Re7 37. Qd4 Kh7 38. Qh4 Rc5 39. b4 Rce5 40. Bxe5
Rxe5 41. h3 1-0

[Event "16th ECC w"]
[Site "Rogaska Slatina SLO"]
[Date "2011.09.26"]
[Round "2.3"]
[White "Vasilevich,I"]
[Black "Bodnaruk,A"]
[Result "0-1"]
[WhiteElo "2393"]
[BlackElo "2417"]
[EventDate "2011.09.25"]

1. e4 c5 2. Nf3 d6 3. d4 cxd4 4. Nxd4 Nf6 5. Nc3 a6 6. Bg5 e6 7. f4 h6 8. Bh4
Be7 9. Qf3 Nbd7 10. O-O-O Qc7 11. Be2 Rg8 12. Qg3 g5 13. fxg5 Ne5 14. Nf3 Nfd7
15. Rhf1 b5 16. Qh3 hxg5 17. Nxe5 dxe5 18. Bf2 Nf6 19. Be3 Bd7 20. Bh5 Rg7 21.
Rxf6 Bxf6 22. Rf1 b4 23. Rxf6 bxc3 24. Bxf7+ Ke7 25. Qh6 cxb2+ 26. Kb1 Rc8 27.
Rf2 Rxf7 28. Qxg5+ Kd6 29. Rd2+ Kc6 30. Rd3 Rf1+ 31. Kxb2 Rb8+ 32. Rb3 Rxb3+ 33.
cxb3 Qa5 34. Qe7 Re1 35. b4 Re2+ 0-1

[Event "16th ECC w"]
[Site "Rogaska Slatina SLO"]
[Date "2011.09.26"]
[Round "2.4"]
[White "Kaya,E"]
[Black "Socko,M"]
[Result "0-1"]
[WhiteElo "1994"]
[BlackElo "2490"]
[EventDate "2011.09.25"]

1. e4 c5 2. Nf3 Nc6 3. d4 cxd4 4. Nxd4 g6 5. c4 Bg7 6. Be3 Nf6 7. Nc3 O-O 8. Be2
b6 9. O-O Bb7 10. f3 e6 11. Rc1 Qe7 12. Qd2 Rfd8 13. Rfd1 d6 14. Kh1 Rac8 15.
Ncb5 Ne8 16. Nxc6 Bxc6 17. Qb4 f5 18. Nd4 Bxd4 19. Rxd4 e5 20. Rdd1 fxe4 21. f4
exf4 22. Bxf4 e3 23. Rf1 Ng7 24. Rce1 Nf5 25. Bf3 Bxf3 26. Rxf3 Qe4 27. Bxe3
Qxc4 28. Qxc4+ Rxc4 29. h3 Re8 30. g4 Nxe3 31. Rfxe3 Rxe3 32. Rxe3 Rc1+ 33. Kg2
Rc2+ 34. Kf3 Rxb2 35. Ra3 a5 36. Ke4 Rb5 37. Rd3 Re5+ 38. Kf4 g5+ 39. Kf3 d5 40.
Rb3 Re6 41. Rd3 Rd6 42. Ke3 Kf7 43. Kd4 Ke6 44. Re3+ Kd7 45. Re5 h6 46. a4 Kc6
47. Re8 Rf6 48. Ke5 Rf3 49. Rc8+ Kb7 0-1

[Event "16th ECC w"]
[Site "Rogaska Slatina SLO"]
[Date "2011.09.26"]
[Round "2.4"]
[White "Skripchenko,A"]
[Black "Menzi,N"]
[Result "1-0"]
[WhiteElo "2470"]
[BlackElo "1887"]
[EventDate "2011.09.25"]

1. e4 c5 2. b3 d6 3. Bb2 Nf6 4. Bb5+ Bd7 5. Bxd7+ Nbxd7 6. Nc3 g6 7. f4 Bg7 8.
Qf3 O-O 9. Nge2 Rc8 10. d3 Qa5 11. a4 e6 12. O-O Rfd8 13. Kh1 Nb8 14. e5 Nd5 15.
f5 dxe5 16. fxe6 fxe6 17. Qf7+ Kh8 18. Ne4 Ne3 19. Rf3 Rf8 20. Qxe6 Nxc2 21.
Raf1 Rfe8 22. Qh3 Qd8 23. Rf7 h6 24. Bc1 h5 25. g4 Rc6 26. gxh5 gxh5 27. Qxh5+
Kg8 28. Rxg7+ 1-0

[Event "16th ECC w"]
[Site "Rogaska Slatina SLO"]
[Date "2011.09.27"]
[Round "3.1"]
[White "Gunina,V"]
[Black "Harika,D"]
[Result "0-1"]
[WhiteElo "2499"]
[BlackElo "2505"]
[EventDate "2011.09.25"]

1. d4 Nf6 2. Nf3 e6 3. g3 b5 4. Bg2 Bb7 5. O-O c5 6. Bg5 Be7 7. dxc5 Bxc5 8. Nd4
Bxg2 9. Kxg2 Qb6 10. Bxf6 gxf6 11. e3 Nc6 12. c3 h5 13. Nd2 Ne5 14. f4 Bxd4 15.
exd4 Qc6+ 16. Kg1 Nc4 17. Nxc4 bxc4 18. f5 h4 19. g4 h3 20. Qe2 Rh4 21. Rf4 Ke7
22. fxe6 fxe6 23. d5 Qxd5 24. Rd1 Qg2+ 25. Qxg2 hxg2 26. Rxc4 d5 27. Ra4 f5 28.
Rdd4 Rah8 29. gxf5 Rxh2 30. Rxa7+ Kf6 31. fxe6 Rg8 32. Rf4+ Ke5 0-1

[Event "16th ECC w"]
[Site "Rogaska Slatina SLO"]
[Date "2011.09.27"]
[Round "3.1"]
[White "Kashlinskaya,A"]
[Black "Mkrtchian,L"]
[Result "1/2-1/2"]
[WhiteElo "2385"]
[BlackElo "2475"]
[EventDate "2011.09.25"]

1. d4 d5 2. c4 e6 3. Nc3 Be7 4. cxd5 exd5 5. Bf4 c6 6. e3 Bd6 7. Bxd6 Qxd6 8.
Bd3 Nf6 9. Qc2 Qe7 10. Nf3 Be6 11. a3 Nbd7 12. h3 g6 13. O-O O-O 14. b4 Rac8 15.
Rfe1 Rfe8 16. Rab1 Nh5 17. Qd2 Qf6 18. e4 Nf4 19. e5 Nxh3+ 20. Kf1 Qf4 21. Qe3
f6 22. gxh3 Bxh3+ 23. Ke2 Qxe3+ 24. Kxe3 fxe5 25. Nxe5 Nxe5 26. dxe5 Rxe5+ 27.
Kf4 Rh5 28. Be2 g5+ 29. Kg3 Rh4 30. Rbc1 Bf5 31. Rh1 d4 32. Nb1 d3 33. Bf3 Rf4
34. Rh5 h6 35. Rxh6 Rf8 36. Nd2 Kg7 37. Rd6 Bc8 38. Rxd3 g4 39. Bg2 Rxf2 40. Rf1
Rxf1 41. Nxf1 Kf6 42. Ne3 Rg8 43. Rd4 Ke5 44. Re4+ Kd6 45. Nc4+ Kc7 46. Re7+ Kb8
47. Ne5 Ka8 48. Be4 a6 49. a4 Rd8 50. Nc4 Kb8 51. Nb6 Ka7 52. a5 Kb8 53. Bg6 Rf8
54. Bf7 Rd8 55. Kf4 Rd4+ 56. Ke5 Rd8 57. Bh5 Rg8 58. Nxc8 g3 59. Bf3 Kxc8 60.
Bg2 Kb8 61. Kf4 Rg6 62. Re3 Kc7 63. Rxg3 Rxg3 64. Kxg3 Kd6 65. Kf4 c5 66. Bxb7
cxb4 67. Bxa6 Kc5 68. Ke3 b3 69. Bd3 b2 70. Kd2 b1=Q 71. Bxb1 1/2-1/2

[Event "16th ECC w"]
[Site "Rogaska Slatina SLO"]
[Date "2011.09.27"]
[Round "3.2"]
[White "Frank Nielsen,M"]
[Black "Zatonskih,A"]
[Result "0-1"]
[WhiteElo "2020"]
[BlackElo "2508"]
[EventDate "2011.09.25"]

1. e4 c5 2. c3 Qa5 3. Nf3 Nc6 4. Na3 Nf6 5. e5 Nd5 6. Qb3 e6 7. Bc4 Nb6 8. O-O
d5 9. exd6 Bxd6 10. Nb5 Nxc4 11. Qxc4 Be7 12. b4 cxb4 13. cxb4 Bxb4 14. Bb2 O-O
15. a3 Be7 16. d4 Qb6 17. Rab1 Bd7 18. Ba1 Qd8 19. Rfd1 Na5 20. Qd3 Bc6 21. Ne5
Bd5 22. Nc3 b6 23. Nxd5 exd5 24. Bc3 f6 25. Bxa5 fxe5 26. Bd2 e4 27. Qh3 Qc8 28.
Qg3 Qd7 29. Bf4 Bf6 30. h4 Rac8 31. h5 Rc4 32. Be5 Bxe5 33. dxe5 Rc2 34. Rf1 Qe6
35. Rbc1 Rxc1 36. Rxc1 Re8 37. Rc7 Qxe5 38. Qxe5 Rxe5 39. Rxa7 Rxh5 40. Rb7 d4
41. Rxb6 d3 42. Rd6 Ra5 43. Kf1 Rxa3 44. Ke1 Ra1+ 45. Kd2 Ra2+ 46. Ke1 Kf7 47.
Rd4 Ra1+ 48. Kd2 Rf1 49. Ke3 Re1+ 50. Kf4 Re2 51. Kg3 d2 52. Rd7+ Ke6 53. Rd8 h5
54. Rd4 Ke5 55. Rd8 h4+ 56. Kh2 Rxf2 57. Re8+ Kd4 0-1

[Event "16th ECC w"]
[Site "Rogaska Slatina SLO"]
[Date "2011.09.27"]
[Round "3.2"]
[White "Foisor,C"]
[Black "Khachatourian,Y"]
[Result "1-0"]
[WhiteElo "2416"]
[BlackElo "1967"]
[EventDate "2011.09.25"]

1. c4 c5 2. Nc3 Nc6 3. g3 g6 4. Bg2 Bg7 5. a3 d6 6. Rb1 a5 7. d3 e5 8. Nf3 Nge7
9. Nd2 Be6 10. Nf1 O-O 11. Ne3 Rb8 12. Ned5 h6 13. Bd2 b6 14. O-O Bc8 15. b4
axb4 16. axb4 Nxd5 17. Nxd5 Bb7 18. e3 Ba8 19. Qa4 Ne7 20. bxc5 Nxd5 21. cxd5
dxc5 22. e4 Qc7 23. Rb5 Rfd8 24. Rfb1 Rd6 25. Qb3 Kh7 26. Be3 Rc8 27. Rxb6 f5
28. h4 f4 29. Bd2 fxg3 30. fxg3 c4 31. dxc4 Bf8 32. Be3 Rxb6 33. Qxb6 Qxc4 34.
Kh2 Qe2 35. Rb2 Qh5 36. Qe6 Rc3 37. Qf7+ Bg7 38. Rb8 Bxd5 39. exd5 1-0

[Event "16th ECC w"]
[Site "Rogaska Slatina SLO"]
[Date "2011.09.27"]
[Round "3.2"]
[White "Reppen,E"]
[Black "Bodnaruk,A"]
[Result "0-1"]
[WhiteElo "1969"]
[BlackElo "2417"]
[EventDate "2011.09.25"]

1. e4 c5 2. Nf3 d6 3. d4 cxd4 4. Nxd4 Nf6 5. Nc3 a6 6. Bg5 e6 7. f4 Qc7 8. Qe2
Nbd7 9. O-O-O Be7 10. g3 g6 11. Bg2 e5 12. Nb3 O-O 13. h4 Nb6 14. Bf3 h5 15. f5
gxf5 16. Bxh5 Nxe4 17. Nxe4 fxe4 18. Bh6 Bf5 19. Bxf8 Rxf8 20. g4 Bh7 21. g5 Qc4
22. Qg2 e3 23. g6 fxg6 24. Bxg6 Rf2 25. Qg3 e4 26. c3 Rxb2 27. Bxh7+ Kxh7 28.
Qxe3 Re2 29. Qd4 Rxa2 30. Qxc4 Nxc4 31. Rd4 d5 32. Rf1 Ba3+ 33. Kd1 Ne3+ 34. Ke1
Ng2+ 35. Kd1 Ne3+ 36. Ke1 Nc2+ 37. Kd1 Nxd4 38. cxd4 Rb2 39. Rf7+ Kg6 40. Rxb7
e3 41. Nc5 e2+ 42. Ke1 Bb4+ 43. Rxb4 Rxb4 44. Nxa6 Rxd4 45. Kxe2 Kf5 46. h5 Rh4
47. Nc7 Ke4 0-1

[Event "16th ECC w"]
[Site "Rogaska Slatina SLO"]
[Date "2011.09.27"]
[Round "3.3"]
[White "Cmilyte,V"]
[Black "Srebrnic,A"]
[Result "1/2-1/2"]
[WhiteElo "2525"]
[BlackElo "2222"]
[EventDate "2011.09.25"]

1. d4 Nf6 2. c4 g6 3. g3 Bg7 4. Bg2 d6 5. Nf3 O-O 6. O-O c5 7. Nc3 Nc6 8. dxc5
dxc5 9. Bf4 Nh5 10. Be3 Nd4 11. Qd2 Bg4 12. Rad1 Bxf3 13. Bxf3 Nxf3+ 14. exf3
Qxd2 15. Rxd2 Bxc3 16. bxc3 b6 17. Rd7 Rfd8 18. Rxe7 Rd3 19. g4 Ng7 20. Kg2 Kf8
21. Rb7 Ne6 22. Bh6+ Ke8 23. f4 Rd7 24. Rxd7 Kxd7 25. Kf3 f5 26. Rd1+ Ke7 27.
gxf5 gxf5 28. Bg5+ Kf7 29. h4 Kg6 30. h5+ Kxh5 31. Rh1+ Kg6 32. Rh6+ Kf7 33.
Rxh7+ Ng7 34. Rh6 Ne8 35. Kg3 Rc8 36. Rh7+ Kg6 37. Re7 Nc7 38. a4 a6 39. Re5 Re8
40. Rxe8 Nxe8 41. Bd8 Nf6 42. Bxb6 Nd7 43. Bd8 Kf7 44. Kh4 Kg6 45. f3 Kh6 46.
Be7 Kg6 47. Bg5 Nb6 48. a5 Nxc4 49. Bd8 Nd6 50. Bc7 Nb5 51. Be5 c4 52. Kg3 Na7
53. Bd4 Nc6 54. Bb6 Kf6 55. Kh4 Kg6 1/2-1/2

[Event "16th ECC w"]
[Site "Rogaska Slatina SLO"]
[Date "2011.09.27"]
[Round "3.3"]
[White "Ankerst,Mil"]
[Black "Pogonina,N"]
[Result "1/2-1/2"]
[WhiteElo "2084"]
[BlackElo "2446"]
[EventDate "2011.09.25"]

1. e4 e5 2. Nf3 Nc6 3. Nc3 Nf6 4. d4 exd4 5. Nxd4 Bb4 6. Nxc6 bxc6 7. Bd3 d5 8.
exd5 cxd5 9. O-O O-O 10. Bg5 c6 11. Qf3 Bd6 12. Bxf6 Qxf6 13. Qxf6 gxf6 14. Ne2
Rb8 15. b3 Re8 16. c3 c5 17. Rfe1 Be6 18. Bc2 Bg4 19. f3 Bd7 20. Rad1 Bc6 21.
Kf2 Bc7 22. Ng3 Be5 23. Ne2 a5 24. Rd3 f5 25. f4 Bg7 26. Ng3 Rxe1 27. Kxe1 c4
28. Re3 d4 29. cxd4 cxb3 30. axb3 Bxd4 31. Re2 Bc3+ 32. Kf2 Bd4+ 33. Ke1 Bc3+
34. Kf2 Bd4+ 35. Ke1 Bc3+ 1/2-1/2